Statistics for Countries with only 9 letters in its name

Click here to take the quiz!

General Stats

  • This quiz has been taken 22 times
  • The average score is 10 of 13

Answer Stats

HintAnswer% Correct
South AmericaArgentina
100%
OceaniaAustralia
95%
North AmericaGuatemala
95%
North AmericaNicaragua
90%
AsiaIndonesia
81%
South AmericaVenezuela
81%
EuropeLithuania
76%
North AmericaCosta Rica
71%
EuropeMacedonia
67%
EuropeSan Marino
62%
AfricaMauritius
57%
AsiaSingapore
52%
AfricaCape Verde
48%

Score Distribution

Percentile by Number Answered

Percent of People with Each Score

Your Score History

You have not taken this quiz